| 000 | 00395nam a22001337a 4500 | ||
|---|---|---|---|
| 040 | _cNUST | ||
| 082 | _a220 PRO | ||
| 100 |
_aTalal Haroon Sohaib Ahmed Project _985565 |
||
| 110 |
_aSupervisor Dr. Raja Amer Azim _985566 |
||
| 245 | _aPR-SOF-2036-State Estimation for Autonomous Vehicle | ||
| 260 |
_aISLAMABAD: _bNUST COLLEGE OF EME, _c2021. |
||
| 650 |
_aDE-MECH-39 _985567 |
||
| 942 |
_2ddc _cPR |
||
| 999 |
_c587016 _d587016 |
||